00317 2200145 4500001002100000005001500021035002000036245002200056300001200078260002700090082000800117084001200125020002200137990001200159INLIS00000000000303720250918020001 a0010-0925000384 aDirektori Fashion a141 hlm aJakarta :bDian Rakyat a600 a600 DIR a978-979-078-098-9 a0755604